| 000 | 00454nam a2200169Ia 4500 | ||
|---|---|---|---|
| 001 | 61527 | ||
| 008 | 141120s9999 xx 000 0 und d | ||
| 020 | _a0851988547 | ||
| 040 | _cPK-LaUMT | ||
| 082 |
_a 711.409 _bSOA-F |
||
| 100 | _aSoane, John V. N. | ||
| 245 |
_aFashionable resort regions _btheir evolution and transformation _cSoane, John V. N. |
||
| 260 |
_aOxon,UK: _bCab International, _c1993 |
||
| 300 | _a331 p. | ||
| 546 | _aEN | ||
| 942 | _cBK | ||
| 999 |
_c61970 _d61970 |
||